Fraser v Canterbury (Record no. 62364)

MARC details
000 -LEADER
fixed length control field 00540cam a2200157 4500
001 - CONTROL NUMBER
control field X103898
008 - FIXED-LENGTH DATA ELEMENTS--GENERAL INFORMATION
fixed length control field 000000n2000 000 0 eng u
035 ## - SYSTEM CONTROL NUMBER
System control number (Sirsi) u103898
245 ## - TITLE STATEMENT
Title Fraser v Canterbury
260 ## - PUBLICATION, DISTRIBUTION, ETC.
Date of publication, distribution, etc. 2000
490 ## - SERIES STATEMENT
Series statement New Property Cases
Volume/sequential designation [2000] NPC 1 (16/01/2000)
520 ## - SUMMARY, ETC.
Summary, etc. ChD 20 December 1999. Consequences of a conveyance under the School Sites Act 1841. and reverter provisions of s2 of that Act in 1999. DO NOT PHOTOCOPY.
650 ## - SUBJECT ADDED ENTRY--TOPICAL TERM
Topical term or geographic name entry element FRASER V CANTERBURY
650 ## - SUBJECT ADDED ENTRY--TOPICAL TERM
Topical term or geographic name entry element SCHOOL SITES ACT 1841
942 ## - ADDED ENTRY ELEMENTS (KOHA)
Suppress in OPAC 0
Holdings
Withdrawn status Lost status Source of classification or shelving scheme Damaged status Not for loan Home library Current library Shelving location Date acquired Total Checkouts Full call number Barcode Date last seen Copy number Price effective from Koha item type
    Dewey Decimal Classification     London London Journal article 31/01/2000   X103898 103898-1001 06/08/2019 1 06/08/2019 Law report